000 00983nas a2200337 4500
001 BR0305901
003 BR-BrBNA
005 20231205104207.0
007 ta
008 230509b bl.|||p| |||| 00| 00por d
040 _aBR-BrBNA
_bpor
_cBiblioteca Nacional de Agricultura
041 _a(Pt)
072 _aT01
100 1 _aSilva, A.C. da
100 1 _aMendonça, E. de S.
100 1 _aFontes, R.L.F.
100 1 _aFontes, M.P.L.
245 1 _aAvaliação da contaminação por metais pesados em área degradada por mineração de caulim
650 _aSOLO
650 _aCONTAMINAÇÃO
650 _aDETERIORAÇÃO DO SOLO
650 _aMETAL PESADO
650 _aFERRO
650 _aZINCO
650 _aCÁDMIO
650 _aANÁLISE QUÍMICA
650 _aMINAS GERAIS
773 0 _tRevista de Ciências Agrárias (Brazil)
_xISSN 1517-591X
_g(Jan-Jun 2002), no. 37 p. 31-41
_wBR0305901
909 _a202311
_bLúcia
_c55
_dLúcia Elande
942 _2AGRIS
_n0
_cANA
999 _c176871
_d176871